00402nam a22001337a 450000500170000001000210001702000230003803500120006103500120007303700130008524501050009826000420020330000230024520170831130902.0 aB-31167, B-31165 a8170002648c375.00 aB-31167 aB-31165 aDPLbENG aStaff development for library and information services cedited by Sanjaya Mishra [and] Sunil Kumar  aNew DelhibEss Ess Publicationsc1999 av, 170p.c22cm(Hb)